000 00360 a2200169 4500
001 153111
020 _a8511180427
040 _cEscola São Tomás de Aquino
100 _aLOBATO, Monteiro
240 1 0 _aUrupês
_lpor
245 1 0 _aUrupês
300 _a179
362 0 _a1994
440 1 _aBrasiliense
697 _aLITERATURA BRASILEIRA
942 _cBK
999 _c153111
_d153111